<?xml version="1.0" encoding="UTF-8"?>
<record
    xmlns:xsi="http://www.w3.org/2001/XMLSchema-instance"
    xsi:schemaLocation="http://www.loc.gov/MARC21/slim http://www.loc.gov/standards/marcxml/schema/MARC21slim.xsd"
    xmlns="http://www.loc.gov/MARC21/slim">

  <leader>00847nam a22002177a 4500</leader>
  <datafield tag="999" ind1=" " ind2=" ">
    <subfield code="c">173030</subfield>
    <subfield code="d">173030</subfield>
  </datafield>
  <controlfield tag="005">20200318122102.0</controlfield>
  <datafield tag="010" ind1=" " ind2=" ">
    <subfield code="a">B-80716</subfield>
  </datafield>
  <datafield tag="020" ind1=" " ind2=" ">
    <subfield code="c">80.00</subfield>
    <subfield code="a">8187667834</subfield>
  </datafield>
  <datafield tag="035" ind1=" " ind2=" ">
    <subfield code="a">B-80716</subfield>
  </datafield>
  <datafield tag="037" ind1=" " ind2=" ">
    <subfield code="b">BPPD/Ven.</subfield>
  </datafield>
  <datafield tag="082" ind1=" " ind2=" ">
    <subfield code="a">&#x6A9;</subfield>
  </datafield>
  <datafield tag="100" ind1=" " ind2=" ">
    <subfield code="a">&#x6A9;&#x62F; &#x627; &#x631; &#x646;&#x627; &#x62A;&#x6BE; &#x634;&#x631; &#x645;&#x627; </subfield>
  </datafield>
  <datafield tag="245" ind1=" " ind2=" ">
    <subfield code="a">&#x627; &#x641;&#x633;&#x627;&#x646;&#x6D2; &#x627; &#x67E;&#x646;&#x6D2; &#x67E;&#x631;&#x627;&#x6D3; /</subfield>
    <subfield code="c">&#x6A9;&#x62F;&#x627;&#x631; &#x646;&#x627;&#x62A;&#x6BE; &#x634;&#x631;&#x645;&#x627; </subfield>
  </datafield>
  <datafield tag="246" ind1=" " ind2=" ">
    <subfield code="a">Afsane Apne Paraye /</subfield>
    <subfield code="b">by Kidar Nath Sharma </subfield>
  </datafield>
  <datafield tag="260" ind1=" " ind2=" ">
    <subfield code="a">Delhi</subfield>
    <subfield code="c">2003</subfield>
    <subfield code="b">Educational publishing House</subfield>
  </datafield>
  <datafield tag="270" ind1=" " ind2=" ">
    <subfield code="a">3108,Vakil Street,Kucha Pandit, Lal kuan,</subfield>
    <subfield code="b">Delhi</subfield>
    <subfield code="e">-</subfield>
    <subfield code="k">-</subfield>
  </datafield>
  <datafield tag="300" ind1=" " ind2=" ">
    <subfield code="a">96 &#x635;</subfield>
    <subfield code="c">22 Cm (Hb)</subfield>
  </datafield>
  <datafield tag="942" ind1=" " ind2=" ">
    <subfield code="2">ddc</subfield>
    <subfield code="c">UR</subfield>
    <subfield code="h">&#x6A9; </subfield>
    <subfield code="m">&#x634; &#x631; &#x645; </subfield>
  </datafield>
  <datafield tag="952" ind1=" " ind2=" ">
    <subfield code="0">0</subfield>
    <subfield code="1">0</subfield>
    <subfield code="2">ddc</subfield>
    <subfield code="4">0</subfield>
    <subfield code="7">0</subfield>
    <subfield code="8">FIC</subfield>
    <subfield code="a">L</subfield>
    <subfield code="b">L</subfield>
    <subfield code="d">2020-02-17</subfield>
    <subfield code="e">BPPD/Ven.</subfield>
    <subfield code="g">80.00</subfield>
    <subfield code="l">0</subfield>
    <subfield code="o">&#x6A9;  &#x634; &#x631; &#x645;</subfield>
    <subfield code="p">B-80716</subfield>
    <subfield code="r">2020-02-17 00:00:00</subfield>
    <subfield code="t">1</subfield>
    <subfield code="v">80.00</subfield>
    <subfield code="w">2020-02-17</subfield>
    <subfield code="y">UR</subfield>
  </datafield>
</record>
